Seis historias para ser contadas : (Registro nro. 9022)

Detalles MARC
000 -CABECERA
Longitud fija campo de control 01782nam a2200349 i 4500
003 - • IDENTIFICADOR DELl NÚMERO DE CONTROL
Identificador del número de control CO-ViMGA
005 - • FECHA Y HORA DE LA ÚLTIMA TRANSACCIÓN
Fecha y hora de la última transacción 20230915224424.0
008 - • CÓDIGOS DE INFORMACIÓN DE LONGITUD FIJA
Códigos de información de longitud fija 201119t2015 ck jr 000 0 spa d
020 ## - • NÚMERO INTERNACIONAL NORMALIZADO PARA LIBROS
Número Internacional Normalizado para Libros (ISBN) 9789588461656
040 ## - FUENTE DE LA CATALOGACIÓN
Centro catalogador de origen CO-ViMGA
Lengua de catalogación spa
Centro transcriptor CO-ViMGA
082 04 - • NÚMERO DE LA CLASIFICACIÓN DECIMAL DEWEY
Número de clasificación (R) 070.44
Número del ítem C24s
Número de edición 22
100 1# - • PUNTO DE ACCESO PRINCIPAL-NOMBRE DE PERSONA
Nombre de persona Celis Serrano, Rodolfo
Término indicativo de función autor
245 10 - • TITULO PROPIAMENTE DICHO
Título Seis historias para ser contadas :
Resto del título antologia de nuevos cronistas colombianos /
Mención de responsabilidad, etc. Rodolfo Celis Serrano ... [y otros cinco]
300 ## - • DESCRIPCIÓN FÍSICA
Extensión 110 paginas
Dimensiones 24 cm
505 00 - • NOTA DE CONTENIDO CON FORMATO
Título (R ) Al otro lado del rio /
Mención de responsabilidad (R ) por Rodolfo Celis
Título (R ) La nieve tropical /
Mención de responsabilidad (R ) por Santiago Jimenez
Título (R ) Muerte fuera del ruedo /
Mención de responsabilidad (R ) por Lizeth Leon
Título (R ) El angel de las tinieblas /
Mención de responsabilidad (R ) por Nelson Marti­nez
Título (R ) Esta maleta es mi­a /
Mención de responsabilidad (R ) por Raul Piamonte
Título (R ) El sueño de los justicieros /
Mención de responsabilidad (R ) por Edith Sanchez
586 ## - • NOTA DE PREMIOS
Nota de premios Autores galardonados con el Premio Distrital de Crónica de Bogotá, 2015
610 24 - • PUNTO DE ACCESO ADICIONAL DE MATERIA - NOMBRE DE ENTIDAD CORPORATIVA
Nombre de entidad corporativa o nombre de jurisdicción como elemento inicial Ejercito de Liberacion Nacional. ELN
Subdivisión de forma Relatos personales
650 17 - • PUNTO DE ACCESO ADICIONAL DE MATERIA - TÉRMINO DE MATERIA
Fuente del encabezamiento o término LEMB
Término de materia o nombre geográfico como elemento inicial Autores colombianos
Subdivisión de materia general Siglo XX
650 17 - • PUNTO DE ACCESO ADICIONAL DE MATERIA - TÉRMINO DE MATERIA
Fuente del encabezamiento o término LEMB
Término de materia o nombre geográfico como elemento inicial Bibliotecas para ciegos
Subdivisión de forma Relatos personales
650 17 - • PUNTO DE ACCESO ADICIONAL DE MATERIA - TÉRMINO DE MATERIA
Fuente del encabezamiento o término LEMB
Término de materia o nombre geográfico como elemento inicial Cronicas colombianas
Subdivisión de materia general Siglo XX
650 17 - • PUNTO DE ACCESO ADICIONAL DE MATERIA - TÉRMINO DE MATERIA
Fuente del encabezamiento o término LEMB
Término de materia o nombre geográfico como elemento inicial Culturas tradicionales
Subdivisión de forma Relatos personales
650 17 - • PUNTO DE ACCESO ADICIONAL DE MATERIA - TÉRMINO DE MATERIA
Fuente del encabezamiento o término LEMB
Término de materia o nombre geográfico como elemento inicial Guerrilleros colombianos
Subdivisión de forma Relatos personales
650 17 - • PUNTO DE ACCESO ADICIONAL DE MATERIA - TÉRMINO DE MATERIA
Fuente del encabezamiento o término LEMB
Término de materia o nombre geográfico como elemento inicial Periodismo colombiano
Subdivisión cronológica Siglo XX
651 #4 - • PUNTO DE ACCESO ADICIONAL DE MATERIA - NOMBRE GEOGRÁFICO
Nombre geográfico Colombia
Subdivisión de materia general Vida social y costumbres
Subdivisión de forma Cronicas
700 1# - • PUNTO DE ACCESO ADICIONAL - NOMBRE DE PERSONA
Nombre de persona Jimenez Quijano, Santiago
Término indicativo de función autor
700 1# - • PUNTO DE ACCESO ADICIONAL - NOMBRE DE PERSONA
Nombre de persona Leon Borja, Lizeth
Término indicativo de función autora
700 1# - • PUNTO DE ACCESO ADICIONAL - NOMBRE DE PERSONA
Nombre de persona Martinez Usaquen, Nelson Octavio
Término indicativo de función autor
700 1# - • PUNTO DE ACCESO ADICIONAL - NOMBRE DE PERSONA
Nombre de persona Piamonte Peña, Raul
Término indicativo de función autor
700 1# - • PUNTO DE ACCESO ADICIONAL - NOMBRE DE PERSONA
Nombre de persona Sanchez, Zenaida Edith
Término indicativo de función autora
942 ## - ENTRADA DE ELEMENTOS AGREGADOS (KOHA)
Fuente de clasificaión o esquema Dewey Decimal Classification
Koha [por defecto] tipo de item LIbro
Existencias
Perdido Fuente de clasificación o esquema Estado Físico No para préstamo Forma de adquisición Localización permanente Localización actual Localización en estanterías Fecha adquisición Préstamos totales Signatura completa Código de barras Fecha última consulta Número de copia Fecha del precio de reemplazo Tipo de item de Koha Coste, precio normal de compra Note pública Número de registro
  Dewey Decimal Classification     Sala General Biblioteca Comunitaria - Villavicencio Biblioteca Comunitaria - Villavicencio   03/11/2021   070.44 C24s 34537 03/11/2021   03/11/2021 LIbro 22400.00    
        Sala General Biblioteca Pública Departamental Eduardo Carranza - Villavicencio Biblioteca Pública Departamental Eduardo Carranza - Villavicencio General 08/30/2021   070.44 C24s ECA28044 11/26/2024 Ej.1 11/26/2024 LIbro   21140 | 27009  
  Dewey Decimal Classification     Sala General Segundo Piso Biblioteca Pública Germán Arciniegas - Villavicencio Biblioteca Pública Germán Arciniegas - Villavicencio   03/11/2021   070.44 C24s 3830 08/03/2021   08/03/2021 LIbro 22400.00    
  Dewey Decimal Classification       Biblioteca Pública Mesetas - Franco lodo Poloxi Biblioteca Pública Mesetas - Franco lodo Poloxi Literatura 12/11/2024   070.44 C24s MEE00865 12/11/2024 Ej.1 12/11/2024 LIbro      
  Dewey Decimal Classification     Colección General Biblioteca Pública Rubí Ocampo Gaviria - La Julia - Uribe Biblioteca Pública Rubí Ocampo Gaviria - La Julia - Uribe General 10/14/2025   070.44 C24s JUL00066 10/14/2025 Ej.1 10/14/2025 LIbro      
  Dewey Decimal Classification     Colección General Biblioteca Pública Uribe - Reinerio Arenas Biblioteca Pública Uribe - Reinerio Arenas General 08/02/2023   070.44 C24s URI00005 08/02/2023 Ej.1 08/02/2023 LIbro      
  Dewey Decimal Classification     Colección General Biblioteca Pública Vistahermosa Biblioteca Pública Vistahermosa General 06/09/2023   070.44 C24s VIS00038 06/09/2023 Ej.1 06/09/2023 LIbro      
  Dewey Decimal Classification       Biblioteca Pública Vistahermosa Biblioteca Pública Vistahermosa   05/26/2025   070.44 C24s VIST 0002118 05/26/2025 Ej.1 05/26/2025 LIbro     070.44









Instituto Departamental de Cultura del Meta - Red Departamental de Bibliotecas Públicas del Meta.